| 000 | 00828nam a2200253 i 4500 | ||
|---|---|---|---|
| 001 | 186100 | ||
| 003 | SpMaBN | ||
| 005 | 20230906222605.0 | ||
| 008 | 160908s1986 sp a |||| |dspa d | ||
| 020 | _a84-376-0591-1 | ||
| 080 | _a821.111-13"16" | ||
| 100 | 1 |
_aMilton, John ( _d1608-1674) _981300 |
|
| 240 | 1 | 0 |
_aParadise lost. _lEspañol |
| 245 | 1 | 3 |
_aEl paraíso perdido / _cJohn Milton ; edición de Esteban Pujals ; traducción de Esteban Pujals. |
| 260 |
_aMadrid : _bCátedra, _c[1986] |
||
| 300 |
_a509 p. : _bil. ; _c18 cm. |
||
| 490 | 1 |
_aLetras universales ; _v53 |
|
| 504 | _aBibliografía: p. 63-65. | ||
| 700 | 1 |
_aPujals, Esteban. _994322 |
|
| 830 | 1 |
_aLetras universales ; _v53 _9178013 |
|
| 852 |
_aES-MaACL _jL-30648 _z- Donat. Miguel A. Velasco |
||
| 942 | _2udc | ||
| 999 |
_c186100 _d186100 |
||